000 00968cam a22002651a 4500
003 OSt
005 20150408113826.0
008 100811s2008 ua g 00010 ara c
020 _a9957477188
040 _amu
_bara
_cmb
082 0 0 _a243
_bأ ع ع
_221
082 0 4 _a243
_221
100 1 _aالأشقر، عمر سليمان عبد الله،
_d1940-
_9213
245 1 0 _aعالم الملائكة الأبرار /
_cعمر سليمان عبد الله الأشقر.
250 _aط. خاصة بمصر والمغرب العربي واليمن.
260 _aعمان
_bدار النفائس
_c2005
300 _a111 ص. ؛
_c24 سم.
490 1 _aالعقيدة في ضوء الكتاب والسنة ؛
_v2
650 7 _aالملائكة
_2aucsh
_9214
650 7 _aالسمعيات (علم كلام)
_2aucsh
_9215
830 2 _aالعقيدة في ضوء الكتاب والسنة
_v2
_9216
910 _aMADISLA_H-local
942 _2ddc
_cDVD
999 _c7747
_d242247